NURING SERVICES & ADMINISTRATION (Record no. 2272)

MARC details
000 -LEADER
fixed length control field 00337nam a2200145Ia 4500
008 - FIXED-LENGTH DATA ELEMENTS--GENERAL INFORMATION
fixed length control field 150201s2015 xx 000 0 und d
082 ## - DEWEY DECIMAL CLASSIFICATION NUMBER
Classification number 610.6
Item number N15H
100 ## - MAIN ENTRY--PERSONAL NAME
Personal name HARRIS, N.
245 ## - TITLE STATEMENT
Title NURING SERVICES & ADMINISTRATION
250 ## - EDITION STATEMENT
Edition statement 1ST
260 ## - PUBLICATION, DISTRIBUTION, ETC. (IMPRINT)
Name of publisher, distributor, etc. AITBS
Place of publication, distribution, etc. DELHI
Date of publication, distribution, etc. 2015
300 ## - PHYSICAL DESCRIPTION
Extent 445
650 ## - SUBJECT ADDED ENTRY--TOPICAL TERM
Topical term or geographic name as entry element NURSING
942 ## - ADDED ENTRY ELEMENTS (KOHA)
Source of classification or shelving scheme Dewey Decimal Classification
Koha item type Books
Koha issues (borrowed), all copies 41
Holdings
Withdrawn status Lost status Source of classification or shelving scheme Damaged status Not for loan Collection code Home library Current library Shelving location Date acquired Source of acquisition Cost, normal purchase price SGTU Bill Number Total Checkouts Full call number Barcode Date last seen Date last checked out Bill Date Koha item type
    Dewey Decimal Classification     NURSING SGT Medical Library SGT Medical Library Text Book 06/07/2014 ABC DELHI 495.00 SGTU 4669 16 610.6 N15H FN1781 24/05/2025 23/05/2025 06/07/2014 Books
    Dewey Decimal Classification     NURSING SGT Medical Library SGT Medical Library Text Book 06/07/2014 ABC DELHI 495.00 SGTU 4669 14 610.6 N15H FN1782 26/07/2024 19/07/2024 06/07/2014 Books
    Dewey Decimal Classification     NURSING SGT Medical Library SGT Medical Library Text Book 06/07/2014 ABC DELHI 495.00 SGTU 4669 22 610.6 N15H FN1783 17/04/2026 16/12/2025 06/07/2014 Books
Withdrawn   Dewey Decimal Classification     NURSING SGT Medical Library SGT Medical Library Text Book 06/07/2014 ABC DELHI 495.00 SGTU 4669   610.6 N15H FN1784 09/02/2015   06/07/2014 Books
    Dewey Decimal Classification     NURSING SGT Medical Library SGT Medical Library Text Book 06/07/2014 ABC DELHI 495.00 SGTU 4669 15 610.6 N15H FN1785 17/12/2025 16/12/2025 06/07/2014 Books